000 00677nam a2200181Ia 4500
008 100917s9999 xx 000 0 und d
082 _b34756
100 _aढेरे रामचंद्र चिंतामण
245 _aमहाराष्ट्राचा देव्हारा
260 _bविश्वकर्मा साहित्यालय
_c1978
300 _a140
365 _b10
520 _aअध्यात्म
630 _aमहाराष्ट्राचा देव्हारा
650 _aअध्यात्म
730 _aमहाराष्ट्राचा देव्हारा
942 _cBOOK
999 _c640150
_d640147